Bayern Munich fifa 23 ratings - Statistics

General Stats
  • This quiz has been taken 114 times
  • The average score is 14 of 22
Answer Stats
Rating Nationality Answer % Correct
90 Germany Manuel Neuer
100%
89 Senegal Sadio Mané
98%
89 Germany Joshua Kimmich
97%
85 France Kingsley Coman
77%
86 Switerland Yann Sommer
76%
87 Portugal João Cancelo
74%
86 Germany Leon Goretzka
74%
85 Netherlands Matthijs de Ligt
73%
84 Germany Serge Gnabry
71%
85 Germany Thomas Müller
71%
84 Germany Leroy Sané
63%
82 Morocco Noussair Mazraoui
56%
78 Cameroon Eric Choupo-Moting
55%
84 Germany Jamal Musiala
55%
83 France Dayot Upamecano
49%
81 France Benjamin Pavard
48%
84 France Lucas Hernández
47%
72 Senegal Bouna Sarr
42%
73 Croatia Josip Stanišić
40%
79 Netherlands Ryan Gravenberch
40%
79 Netherlands Daley Blind
34%
75 Germany Sven Ulreich
27%
No matching quizzes found
Score Distribution
Percent of People with Each Score
Percentile by Number Answered
Your Score History
You have not taken this quiz